[Event "Flint (Class B/3)"]
[Site "?"]
[Date "1992.??.??"]
[Round "?"]
[White "Watson, Terry"]
[Black "Labiner, Jordan"]
[Result "0-1"]
[WhiteElo "1635"]
[BlackElo "1655"]
[PlyCount "98"]
[EventDate "1992.??.??"]

1. e4 c5 2. Nf3 d6 3. d4 cxd4 4. Nxd4 Nf6 5. Nc3 Nc6 6. Bb5 Bd7 7. O-O a6 8.
Bc4 b5 9. Bb3 Qc7 10. Re1 b4 11. Nd5 Nxd5 12. Nxc6 Bxc6 13. exd5 Bb7 14. Ba4+
Kd8 15. Qh5 g6 16. Qf3 Qa5 17. Bc6 Bxc6 18. dxc6 Rc8 19. Qxf7 Qf5 20. Qc4 Qb5
21. Qxb5 axb5 22. Bd2 Rxc6 23. Bxb4 Rxc2 24. Bc3 Rg8 25. Rac1 Rxc1 26. Rxc1 Kd7
27. Ba5 Bg7 28. Rc7+ Ke6 29. b4 Rb8 30. Kf1 Bd4 31. Ke2 Bb6 32. Bxb6 Rxb6 33.
a3 Ra6 34. Rc3 d5 35. Ke3 Ke5 36. f4+ Kd6 37. Kd4 Rc6 38. Rxc6+ Kxc6 39. Ke5 e6
40. g4 h6 41. h4 Kd7 42. Kd4 Kd6 43. Kc3 e5 44. fxe5+ Kxe5 45. a4 bxa4 46. b5
d4+ 47. Kc2 Kd5 48. b6 Kc6 49. b7 Kxb7 0-1

[Event "Lansing (Aug)"]
[Site "?"]
[Date "1992.??.??"]
[Round "?"]
[White "Waters, T."]
[Black "Vangilder, W."]
[Result "1/2-1/2"]
[WhiteElo "1605"]
[BlackElo "1605"]
[PlyCount "108"]
[EventDate "1992.??.??"]

1. d4 d5 2. Nc3 e6 3. e4 Bb4 4. exd5 exd5 5. Nf3 Nf6 6. Bd2 O-O 7. Bd3 Re8+ 8.
Ne2 Bxd2+ 9. Qxd2 Bg4 10. Ne5 Nbd7 11. Nxg4 Nxg4 12. h3 Ngf6 13. O-O c5 14. c3
Qe7 15. Rfe1 Ne4 16. Qf4 Ndf6 17. Ng3 Qd6 18. Qxd6 Nxd6 19. dxc5 Nde4 20. Rad1
Nxc5 21. Rxe8+ Rxe8 22. Bf5 g6 23. Bg4 Nxg4 24. Rxd5 Re1+ 25. Nf1 Re5 26. Rd8+
Kg7 27. hxg4 Na4 28. Rd7 Nxb2 29. Rxb7 Nc4 30. Rxa7 Re1 31. Rd7 Rc1 32. Rd3 Ra1
33. Rd4 Ne5 34. c4 Rxa2 35. Ne3 Ra1+ 36. Kh2 Rc1 37. f4 Nc6 38. Rd5 Nb4 39. Rb5
Nc2 40. Nxc2 Rxc2 41. Rc5 Rc3 42. Rc8 Rc2 43. g5 h6 44. gxh6+ Kxh6 45. Kh3 Kg7
46. Kg3 Kf6 47. Kf3 Kg7 48. g4 Kf6 49. Ke4 Rc1 50. g5+ Ke7 51. Ke5 Re1+ 52. Kd5
Rd1+ 53. Ke5 Re1+ 54. Kd5 Rd1+ 1/2-1/2

[Event "Flint (Class DE/4)"]
[Site "?"]
[Date "1992.??.??"]
[Round "?"]
[White "Wasserman, R."]
[Black "Smith, Lester"]
[Result "0-1"]
[WhiteElo "1605"]
[BlackElo "1605"]
[PlyCount "78"]
[EventDate "1992.??.??"]

1. e4 e5 2. Nf3 Nc6 3. Bc4 Bc5 4. b4 Bxb4 5. c3 Ba5 6. d4 exd4 7. O-O dxc3 8.
Qb3 Qe7 9. Nxc3 Nf6 10. Bg5 Bxc3 11. Qxc3 d6 12. Bb5 Bd7 13. Bxc6 Bxc6 14. e5
dxe5 15. Nxe5 O-O 16. Rae1 Qd6 17. Rd1 Qe6 18. Rfe1 Ne4 19. Rxe4 Bxe4 20. Qd4
Bc2 21. Rd2 Bb1 22. Bh4 f6 23. Nf3 g5 24. Bg3 g4 25. Qb2 Bg6 26. Re2 Qb6 27.
Qxb6 cxb6 28. Nh4 Rac8 29. f3 Rc1+ 30. Kf2 Rc2 31. Nxg6 Rxe2+ 32. Kxe2 hxg6 33.
fxg4 Rc8 34. Kd2 Rc4 35. h3 Ra4 36. Ke3 Rxa2 37. Kf3 Ra3+ 38. Kf2 Rxg3 39. Kxg3
a5 0-1

[Event "Flint (Class DE/5)"]
[Site "?"]
[Date "1992.??.??"]
[Round "?"]
[White "Wasserman, R."]
[Black "McElhiney, K."]
[Result "1-0"]
[WhiteElo "1605"]
[BlackElo "1605"]
[PlyCount "89"]
[EventDate "1992.??.??"]

1. e4 e5 2. Nf3 Nc6 3. Bc4 Bc5 4. b4 Nxb4 5. c3 Na6 6. Nxe5 Qf6 7. d4 d6 8.
Nxf7 Be6 9. Bxe6 Qxe6 10. Nxh8 Qxe4+ 11. Qe2 Qxe2+ 12. Kxe2 Bb6 13. Re1 O-O-O
14. Nf7 Rf8 15. Ng5 h6 16. Nf3 Nf6 17. Kf1 d5 18. Ne5 c5 19. Be3 Re8 20. Nd2
Ba5 21. Rac1 Nc7 22. Nb3 cxd4 23. Bxd4 Bb6 24. Bxb6 axb6 25. Nd4 Ne4 26. Nd3 b5
27. f3 Nd2+ 28. Kf2 Rf8 29. Rc2 Nc4 30. Ne6 Na3 31. Rce2 Re8 32. Nxc7 Rxe2+ 33.
Rxe2 Kxc7 34. Re7+ Kc6 35. Rxg7 h5 36. Re7 Nc4 37. Ne5+ Kd6 38. Ng6 b6 39. f4
h4 40. f5 b4 41. cxb4 d4 42. f6 d3 43. f7 d2 44. f8=Q d1=Q 45. Qd8+ 1-0

[Event "Flint (Class DE/2)"]
[Site "?"]
[Date "1992.??.??"]
[Round "?"]
[White "Wasserman, R."]
[Black "Berlinger, G."]
[Result "1-0"]
[WhiteElo "1605"]
[BlackElo "1605"]
[PlyCount "79"]
[EventDate "1992.??.??"]

1. e4 e5 2. Nf3 Nc6 3. Bc4 d6 4. d4 exd4 5. Nxd4 Nf6 6. O-O Be7 7. Nc3 h6 8. f4
Nxe4 9. Nxe4 d5 10. Bb5 Bc5 11. Nxc5 O-O 12. Nxc6 bxc6 13. Bxc6 Rb8 14. Nb3 Ba6
15. Rf2 Qd6 16. Qxd5 Rbd8 17. Qxd6 Rxd6 18. Bf3 Rfd8 19. Bd2 c5 20. Bc3 Rc8 21.
Rd2 Re6 22. Kf2 c4 23. Nd4 Rf6 24. f5 Rc7 25. Re1 Bc8 26. Kg1 a5 27. Nb5 Rc5
28. Nd6 Bxf5 29. Nxf5 Rfxf5 30. Be4 a4 31. g4 a3 32. Bxf5 f6 33. Rd7 Rxf5 34.
gxf5 axb2 35. Bxb2 c3 36. Bxc3 h5 37. Re8+ Kh7 38. Bxf6 h4 39. Rxg7+ Kh6 40.
Rh8# 1-0

[Event "Detroit (MI Op/3/11)"]
[Site "?"]
[Date "1992.??.??"]
[Round "?"]
[White "Ward, Tom"]
[Black "Yahkind, Alex"]
[Result "1-0"]
[WhiteElo "2155"]
[BlackElo "2015"]
[PlyCount "49"]
[EventDate "1992.??.??"]

{3/(11)} 1. e4 c5 2. Nf3 d6 3. d4 cxd4 4. Nxd4 Nf6 5. Nc3 a6 6. Bc4 e6 7. Bb3
Be7 8. Be3 O-O 9. f4 Qc7 10. g4 e5 11. Nf5 Bxf5 12. exf5 d5 13. g5 exf4 14. Bd4
Ne4 15. Nxe4 dxe4 16. Qg4 Nc6 17. O-O-O Nxd4 18. Rxd4 Qe5 19. Rd5 Qc7 20. f6
Bc5 21. g6 hxg6 22. Rxc5 Qd6 23. Qxg6 Qxf6 24. Qxf6 gxf6 25. Rg1+ 1-0

[Event "Detroit (MI Op/7/4)"]
[Site "?"]
[Date "1992.??.??"]
[Round "?"]
[White "Ward, Tom"]
[Black "Strugach, L."]
[Result "1-0"]
[WhiteElo "2155"]
[BlackElo "2400"]
[PlyCount "107"]
[EventDate "1992.??.??"]

{7/(4)} 1. e4 c5 2. Nf3 Nc6 3. d4 cxd4 4. Nxd4 Nf6 5. Nc3 d6 6. Bc4 e6 7. Be3
Be7 8. Bb3 O-O 9. Qe2 a6 10. O-O-O Qc7 11. Rhg1 Na5 12. g4 b5 13. g5 Nd7 14.
Qh5 Nxb3+ 15. axb3 Bb7 16. Rg3 Rfc8 17. b4 Nf8 18. f4 d5 19. exd5 Bxd5 20. Nxd5
exd5 21. Bd2 Qc4 22. Bc3 Bxb4 23. f5 Bxc3 24. Rxc3 Qa4 25. Ra3 Qb4 26. f6 Rc4
27. Nf5 Rxc2+ 28. Kxc2 Qe4+ 29. Rad3 Rc8+ 30. Kb1 Qxf5 31. Qh3 Qe6 32. Qxe6
fxe6 33. Ra3 Rc6 34. Rc1 Rd6 35. Rc7 Nd7 36. fxg7 Kxg7 37. Ra7 Kg6 38. R3xa6
Rxa6 39. Rxa6 Kxg5 40. Rxe6 h5 41. Rd6 Nf6 42. Kc2 Kf5 43. Kd3 Ke5 44. Rb6 h4
45. Rxb5 Ng4 46. Rb4 Nxh2 47. Rxh4 Nf3 48. Rh5+ Kd6 49. Kc3 Ne5 50. Rh6+ Kc5
51. b4+ Kb5 52. Rh5 Nc6 53. Rxd5+ Kb6 54. Rh5 1-0

[Event "Detroit (MI Op/1a/14)"]
[Site "?"]
[Date "1992.??.??"]
[Round "?"]
[White "Ward, Tom"]
[Black "McIntosh, S."]
[Result "1/2-1/2"]
[WhiteElo "2155"]
[BlackElo "1870"]
[PlyCount "59"]
[EventDate "1992.??.??"]

1. e4 e6 2. d4 d5 3. Nc3 Bb4 4. e5 c5 5. a3 Bxc3+ 6. bxc3 Ne7 7. Qg4 Qc7 8.
Qxg7 Rg8 9. Qxh7 Nbc6 10. f4 cxd4 11. Ne2 Bd7 12. Qd3 dxc3 13. Rb1 d4 14. Nxd4
Nxd4 15. Qxd4 Nf5 16. Qf2 Bc6 17. Rg1 O-O-O 18. Bd3 Qa5 19. Rb4 Qd5 20. Rc4 Kb8
21. Rc5 Qd4 22. Qxd4 Nxd4 23. Kf2 Nb3 24. cxb3 Rxd3 25. Ke2 Be4 26. Rc4 Bh7 27.
a4 Rc8 28. Rxc8+ Kxc8 29. Rd1 Rxd1 30. Kxd1 1/2-1/2

[Event "Flint (MEX/4)"]
[Site "?"]
[Date "1992.??.??"]
[Round "?"]
[White "Ward, Tom"]
[Black "Fuller, William"]
[Result "1-0"]
[WhiteElo "2125"]
[BlackElo "2100"]
[PlyCount "147"]
[EventDate "1992.??.??"]

1. e4 c5 2. Nf3 Nc6 3. d4 cxd4 4. Nxd4 Nf6 5. Nc3 e5 6. Ndb5 d6 7. Nd5 Nxd5 8.
exd5 Ne7 9. c4 Ng6 10. Qa4 Bd7 11. Qb4 Bf5 12. Be3 b6 13. Be2 Be7 14. O-O O-O
15. a4 a6 16. Nc3 Rb8 17. Qa3 Bc8 18. b4 f5 19. a5 bxa5 20. bxa5 f4 21. Bb6 Qd7
22. Ne4 Nh4 23. f3 Qf5 24. Bc7 Qg6 25. Rf2 Bf5 26. Bxb8 Rxb8 27. Qd3 Bd8 28.
Bf1 Bxe4 29. fxe4 Rc8 30. Qh3 Rc5 31. Qd7 Bc7 32. Rb1 h6 33. Kh1 Kh7 34. Rb7
Bxa5 35. Qe7 Be1 36. Re2 f3 37. gxf3 Nxf3 38. Rg2 Ng5 39. Be2 Kg8 40. Bh5 Qf6
41. Qxf6 gxf6 42. Rb1 Bh4 43. Rg4 Bf2 44. h4 Rc7 45. hxg5 hxg5 46. Kg2 Ba7 47.
Rg3 Rxc4 48. Bg6 Rc2+ 49. Kh3 Bc5 50. Ra1 Rf2 51. Rxa6 Kg7 52. Bf5 Kh6 53. Ra8
Rf4 54. Rb3 g4+ 55. Bxg4 Rxe4 56. Bf5 Re1 57. Rg3 Rh1+ 58. Kg4 Rf1 59. Rh8+ Kg7
60. Rh7+ Kf8 61. Rb3 Rf4+ 62. Kh3 Bb4 63. Be6 Rc4 64. Rg3 Rc3 65. Rxc3 Bxc3 66.
Kg4 e4 67. Kf4 f5 68. Bxf5 Be5+ 69. Kxe4 Kg8 70. Re7 Bg3 71. Bg6 Kh8 72. Kf5
Bf2 73. Ke6 Kg8 74. Kxd6 1-0

[Event "Detroit (MI Op/5/3)"]
[Site "?"]
[Date "1992.??.??"]
[Round "?"]
[White "Ward, Tom"]
[Black "Feldman, Steve"]
[Result "0-1"]
[WhiteElo "2155"]
[BlackElo "2290"]
[PlyCount "80"]
[EventDate "1992.??.??"]

{5/(3)} 1. e4 c5 2. Nf3 Nc6 3. d4 cxd4 4. Nxd4 Nf6 5. Nc3 e5 6. Ndb5 d6 7. Nd5
Nxd5 8. exd5 Nb8 9. c4 Nd7 10. Be2 Be7 11. O-O O-O 12. Be3 a6 13. Nc3 f5 14. f4
Bf6 15. Rc1 g6 16. Kh1 Qe7 17. c5 exf4 18. Bf2 Nxc5 19. Bxc5 dxc5 20. d6 Qg7
21. Na4 Bd4 22. Nxc5 Rd8 23. Qb3+ Kh8 24. Qb6 Qf8 25. Qb4 Qxd6 26. Rfd1 Be6 27.
Qxd4+ Qxd4 28. Rxd4 Rxd4 29. Nxe6 Re4 30. Nxf4 Rxf4 31. Bf3 Rb4 32. b3 Re8 33.
h3 Re7 34. Bd5 Rd4 35. Rc8+ Kg7 36. Bf3 Rd2 37. Rb8 Rxa2 38. Bxb7 f4 39. h4
Ra1+ 40. Kh2 Ree1 0-1

[Event "Flint (MEX/2)"]
[Site "?"]
[Date "1992.??.??"]
[Round "?"]
[White "Ward, Tom"]
[Black "Bailey, Greg"]
[Result "1-0"]
[WhiteElo "2125"]
[BlackElo "2015"]
[PlyCount "69"]
[EventDate "1992.??.??"]

1. e4 e6 2. d4 d5 3. Nc3 Bb4 4. e5 c5 5. a3 Ba5 6. b4 cxb4 7. Nb5 bxa3+ 8. c3
Bc7 9. Qg4 g6 10. Bxa3 Bd7 11. Nd6+ Bxd6 12. Bxd6 f5 13. Qg3 a5 14. Bd3 b5 15.
Ne2 Kf7 16. h4 Ne7 17. O-O Nc8 18. Ba3 Nb6 19. Rfb1 Nc4 20. Bc1 Na6 21. Bg5 Qb6
22. Qf4 Nc7 23. Bf6 h5 24. Bxh8 Rxh8 25. Qg5 Ne8 26. Nf4 Rg8 27. Bxc4 dxc4 28.
d5 exd5 29. Nxd5 Qe6 30. Nf4 Qxe5 31. Re1 Qf6 32. Rxa5 Qxg5 33. hxg5 Nc7 34.
Ra7 Rc8 35. Nd5 1-0

[Event "East Lansing (MI Am/5)"]
[Site "?"]
[Date "1992.??.??"]
[Round "?"]
[White "Wanshon, Kevin"]
[Black "Skidmore, Mike"]
[Result "0-1"]
[WhiteElo "1810"]
[BlackElo "1925"]
[PlyCount "62"]
[EventDate "1992.??.??"]

1. e4 c6 2. d4 d5 3. Nc3 dxe4 4. Nxe4 Nd7 5. Nf3 Ngf6 6. Ng3 e6 7. c3 Be7 8.
Bd3 b6 9. Qe2 Bb7 10. Bg5 h6 11. Bxf6 Nxf6 12. O-O O-O 13. Nd2 c5 14. dxc5 Bxc5
15. Nde4 Nxe4 16. Nxe4 Qd5 17. b4 Be7 18. f4 Rac8 19. Rac1 f5 20. Nd2 Rf6 21.
Bc4 Qc6 22. Rfe1 Rg6 23. Bxe6+ Kh8 24. Nf3 Re8 25. Rc2 Rxe6 26. Ne5 Qc8 27. Qh5
Be4 28. Rd2 Bf6 29. Nf7+ Kh7 30. Nd6 Qxc3 31. Nxe8 Bd4+ 0-1

[Event "East Lansing (MI Am/2)"]
[Site "?"]
[Date "1992.??.??"]
[Round "?"]
[White "Wanshon, Kevin"]
[Black "Hayes, P."]
[Result "1-0"]
[WhiteElo "1810"]
[BlackElo "1605"]
[PlyCount "55"]
[EventDate "1992.??.??"]

1. e4 e5 2. f4 exf4 3. Nf3 Nc6 4. Bc4 d6 5. O-O Bg4 6. d4 Qd7 7. c3 Nge7 8.
Bxf4 d5 9. exd5 Nxd5 10. Bxd5 Qxd5 11. Bxc7 Be7 12. Nbd2 O-O 13. Qe1 Bd6 14.
Bxd6 Qxd6 15. Qh4 Bf5 16. Ne5 Be6 17. Ne4 Qd5 18. Nxc6 Qxc6 19. Ng5 h6 20. Ne4
Bd5 21. Nf6+ Kh8 22. Rf5 Bxa2 23. Raf1 Rad8 24. Rh5 gxf6 25. Rxh6+ Kg7 26. Rh7+
Kg8 27. Rh8+ Kg7 28. Qh6# 1-0

[Event "East Lansing (MI Am/4)"]
[Site "?"]
[Date "1992.??.??"]
[Round "?"]
[White "Wanshon, Kevin"]
[Black "Aldrich, Jeff"]
[Result "1-0"]
[WhiteElo "1810"]
[BlackElo "1960"]
[PlyCount "117"]
[EventDate "1992.??.??"]

1. e4 c6 2. d4 d5 3. Nc3 dxe4 4. Nxe4 Nd7 5. Nf3 Ngf6 6. Ng3 e6 7. c3 Be7 8.
Bd3 c5 9. Qc2 Nb6 10. Ne4 Nxe4 11. Bxe4 h6 12. Be3 Qc7 13. O-O O-O 14. dxc5
Bxc5 15. Bxc5 Qxc5 16. Nd4 Kh8 17. Kh1 f5 18. Bd3 e5 19. b4 Qd5 20. Nxf5 e4 21.
Bxe4 Bxf5 22. Bxd5 Bxc2 23. Bxb7 Rad8 24. a4 Nxa4 25. Bc6 Nxc3 26. Rxa7 Rxf2
27. Kg1 Ne2+ 28. Kxf2 Nd4 29. b5 Bd3 30. Rd1 Rf8+ 31. Ke3 Bxb5 32. Ra8 Nf5+ 33.
Kf2 Rxa8 34. Bxa8 g6 35. Be4 Bc4 36. Bxf5 gxf5 37. Ke3 Kg7 38. Kf4 Be6 39. Ke5
Bb3 40. Rd6 Bc2 41. Rf6 Be4 42. g3 Bd3 43. Rxf5 Bxf5 44. Kxf5 Kh7 45. Kf6 h5
46. Kg5 h4 47. Kxh4 Kh6 48. g4 Kg6 49. g5 Kg7 50. Kh5 Kh7 51. g6+ Kg7 52. Kg5
Kg8 53. h4 Kg7 54. h5 Kg8 55. h6 Kh8 56. Kf6 Kg8 57. h7+ Kh8 58. g7+ Kxh7 59.
Kf7 1-0

[Event "Flint (Class C/3)"]
[Site "?"]
[Date "1992.??.??"]
[Round "?"]
[White "Waltz, Glenn"]
[Black "Rumsey, S."]
[Result "0-1"]
[WhiteElo "1605"]
[BlackElo "1605"]
[PlyCount "88"]
[EventDate "1992.??.??"]

1. d4 d5 2. c4 e6 3. Nc3 Nf6 4. e3 Be7 5. Nf3 Nbd7 6. Bd3 dxc4 7. Bxc4 Nb6 8.
Bd3 c6 9. O-O O-O 10. Bd2 Qc7 11. e4 a6 12. Qc2 h6 13. e5 Nfd5 14. Nxd5 Nxd5
15. Qc1 h5 16. h4 Qd8 17. Bg5 Bxg5 18. Nxg5 f6 19. Nf3 f5 20. Ng5 Bd7 21. Be2
g6 22. Qc5 Qe7 23. Rac1 Qxc5 24. dxc5 Rad8 25. a4 Bc8 26. Bc4 Rfe8 27. Rfe1 Kg7
28. Kh2 Kg8 29. Rcd1 Kg7 30. Rd4 Kf8 31. Nh7+ Kg7 32. Nf6 Nxf6 33. exf6+ Kxf6
34. Rd6 Rxd6 35. cxd6 Rd8 36. Kg3 Rxd6 37. b3 e5 38. f4 e4 39. Kh3 Be6 40. Bxe6
Kxe6 41. g3 b5 42. axb5 axb5 43. Re3 Rd3 44. Rxd3 exd3 0-1

[Event "Flint (Class C/4)"]
[Site "?"]
[Date "1992.??.??"]
[Round "?"]
[White "Waltz, Glenn"]
[Black "Maul, Tim"]
[Result "0-1"]
[WhiteElo "1605"]
[BlackElo "1605"]
[PlyCount "66"]
[EventDate "1992.??.??"]

1. d4 d5 2. c4 e6 3. Nc3 Nf6 4. e3 Nc6 5. Nf3 Be7 6. Be2 dxc4 7. Bxc4 O-O 8.
O-O b6 9. e4 Bb7 10. Bd3 Nxd4 11. Nxd4 Qxd4 12. Nb5 Qd7 13. e5 Ne4 14. f3 Bc5+
15. Kh1 Nf2+ 16. Rxf2 Bxf2 17. Bxh7+ Kxh7 18. Qxd7 Rad8 19. Qxd8 Rxd8 20. Bg5
Rd5 21. a4 c6 22. Nc3 Rxe5 23. Ne4 c5 24. Bf4 Rf5 25. Bg3 Bxg3 26. Nxg3 Rf4 27.
Kg1 Rb4 28. a5 b5 29. Rd1 Bd5 30. Ne2 Rxb2 31. Nc3 c4 32. Rd4 b4 33. Na4 Ra2
0-1

[Event "Detroit (MI Action/2)"]
[Site "?"]
[Date "1992.??.??"]
[Round "?"]
[White "Walls, R."]
[Black "Snelson, C."]
[Result "1-0"]
[WhiteElo "1605"]
[BlackElo "1605"]
[PlyCount "38"]
[EventDate "1992.??.??"]

1. e4 e5 2. Nf3 Nc6 3. Bb5 Bb4 4. a3 Nd4 5. Nxd4 exd4 6. axb4 a6 7. Be2 Nf6 8.
d3 O-O 9. O-O d6 10. Bg5 Qd7 11. Bxf6 gxf6 12. h3 f5 13. Bf3 fxe4 14. Bxe4 d5
15. Bf3 Re8 16. Nd2 Qd6 17. Nb3 Bxh3 18. gxh3 Re6 19. Bg4 Rh6 1-0

[Event "Flint (Class C/1)"]
[Site "?"]
[Date "1992.??.??"]
[Round "?"]
[White "Walker, LeRoy"]
[Black "Viskantas, K."]
[Result "1-0"]
[WhiteElo "1605"]
[BlackElo "1605"]
[PlyCount "81"]
[EventDate "1992.??.??"]

1. e4 Nc6 2. Nf3 d5 3. exd5 Qxd5 4. Nc3 Qd8 5. Bc4 Bg4 6. Bxf7+ Kxf7 7. Ng5+
Ke8 8. Qxg4 Nf6 9. Qa4 e6 10. O-O e5 11. Qb3 Qd7 12. d3 Bd6 13. Nge4 Nxe4 14.
Nxe4 b6 15. Be3 Nd4 16. Bxd4 exd4 17. Nxd6+ Qxd6 18. Rfe1+ Kd8 19. Re6 Qc5 20.
Rae1 Kc8 21. R1e5 Qf8 22. Qd5 Rb8 23. Qc6 Kd8 24. Re8+ Qxe8 25. Rxe8+ Rxe8 26.
g3 Re5 27. Qc4 c5 28. Qg8+ Kc7 29. Qxg7+ Kd6 30. Qxa7 Ree8 31. Qxh7 Re7 32.
Qh6+ Kd7 33. Kg2 Re6 34. Qf4 Rbe8 35. Qf5 Kd6 36. h4 Re2 37. h5 Rxc2 38. h6 Ke7
39. Qe5+ Kd7 40. Qxe8+ Kxe8 41. h7 1-0

[Event "Flint (Class C/4)"]
[Site "?"]
[Date "1992.??.??"]
[Round "?"]
[White "Walker, LeRoy"]
[Black "Landon, Jason"]
[Result "0-1"]
[WhiteElo "1605"]
[BlackElo "1605"]
[PlyCount "128"]
[EventDate "1992.??.??"]

1. e4 e5 2. Nf3 d6 3. d4 exd4 4. Nxd4 c5 5. Nf3 a6 6. c4 Nc6 7. Nc3 Bg4 8. Be3
Ne5 9. Be2 Bxf3 10. gxf3 Nf6 11. Qd2 Nc6 12. Rd1 g6 13. Qc1 Bg7 14. Bxc5 O-O
15. Bxd6 Re8 16. Bg3 Qb6 17. O-O Nd4 18. Rfe1 Rad8 19. b3 Qa5 20. Na4 b5 21.
cxb5 axb5 22. e5 bxa4 23. Rxd4 Rxd4 24. exf6 Bxf6 25. Kf1 axb3 26. axb3 Rd2 27.
Bc4 Rxe1+ 28. Qxe1 Qa1 29. Qxa1 Bxa1 30. Ke1 Bc3 31. Kf1 Kg7 32. Ke1 Rb2+ 33.
Kf1 f6 34. Kg2 Bd4 35. h4 g5 36. Be6 Kg6 37. Bc4 f5 38. hxg5 Kxg5 39. f4+ Kg6
40. Bd5 h5 41. Bh4 Rd2 42. Bc4 Bf6 43. Bxf6 Kxf6 44. Kg3 Rd4 45. f3 Rd1 46. Kg2
Rd7 47. Kh3 Rg7 48. Bb5 Rb7 49. Bc4 Rd7 50. Bb5 Rd4 51. Kg3 h4+ 52. Kxh4 Rxf4+
53. Kg3 Rd4 54. Be2 Rb4 55. Bc4 Ke5 56. Kg2 Kf4 57. Kf2 Rb8 58. Be2 Rxb3 59.
Bd1 Rb8 60. Be2 Rb2 61. Ke1 Ke3 62. Bd1 Rb1 63. f4 Ra1 64. Kf1 Rxd1+ 0-1

[Event "Detroit (MOR/2/82)"]
[Site "?"]
[Date "1992.??.??"]
[Round "?"]
[White "Walker, LeRoy"]
[Black "Cramblit, G."]
[Result "1/2-1/2"]
[WhiteElo "1700"]
[BlackElo "1605"]
[PlyCount "99"]
[EventDate "1992.??.??"]

{2/(82)} 1. e4 c6 2. d3 d5 3. Nd2 dxe4 4. dxe4 Nd7 5. Ngf3 Qc7 6. g3 e5 7. Bg2
Ngf6 8. O-O Bc5 9. c3 O-O 10. Qc2 a5 11. b3 b6 12. Bb2 Ba6 13. c4 Rfe8 14. h3
Rac8 15. Nh4 b5 16. Kh2 Bd6 17. Nf5 Bf8 18. Rac1 b4 19. Nf3 Nc5 20. Rfe1 g6 21.
N5h4 Bg7 22. Rcd1 Nh5 23. Ng1 Rcd8 24. Nhf3 Bc8 25. Rxd8 Rxd8 26. Bf1 Qe7 27.
Rd1 Rxd1 28. Qxd1 Nd7 29. Ne2 Qf6 30. Bg2 Qe7 31. g4 Nhf6 32. Ng3 Ne8 33. Nd2
Qd6 34. Qe2 Bh6 35. Nf3 Bf4 36. Bf1 g5 37. Kg2 Bxg3 38. Kxg3 f6 39. Ne1 Nc5 40.
Ng2 Ne6 41. f3 Qd7 42. a3 h5 43. axb4 axb4 44. c5 hxg4 45. hxg4 Nxc5 46. Qc4+
Ne6 47. Qxb4 Kg7 48. Ba3 Qb7 49. Qxb7+ Bxb7 50. Ne3 1/2-1/2

[Event "Detroit (MOR/6/60)"]
[Site "?"]
[Date "1992.??.??"]
[Round "?"]
[White "Walker, LeRoy"]
[Black "Cheak, T."]
[Result "0-1"]
[WhiteElo "1700"]
[BlackElo "1605"]
[PlyCount "44"]
[EventDate "1992.??.??"]

{6/(60)} 1. e4 c5 2. Nf3 d6 3. d4 cxd4 4. Nxd4 Nf6 5. Nc3 g6 6. Be3 Bg7 7. Bc4
O-O 8. f3 a6 9. a4 Qb6 10. Qd3 Qb4 11. O-O Bd7 12. Na2 Qxa4 13. b4 Bb5 14. Nxb5
axb5 15. Bxb5 Qa3 16. Nc3 Qxa1 17. Rxa1 Rxa1+ 18. Kf2 Ra3 19. Bd4 Rc8 20. Bc4
Nc6 21. Bb3 Nxd4 22. Qxd4 Ng4+ 0-1

[Event "Detroit (MI Op/4/24)"]
[Site "?"]
[Date "1992.??.??"]
[Round "?"]
[White "Walker, Douglas"]
[Black "Yahkind, Alex"]
[Result "0-1"]
[WhiteElo "1815"]
[BlackElo "2015"]
[PlyCount "124"]
[EventDate "1992.??.??"]

{4/(24)} 1. d4 d5 2. Nf3 Nf6 3. e3 c5 4. c3 e6 5. Bd3 Nc6 6. Nbd2 Be7 7. O-O
O-O 8. e4 dxe4 9. Nxe4 cxd4 10. cxd4 Nxd4 11. Nxd4 Qxd4 12. Qc2 Nxe4 13. Bxe4
f5 14. Bf3 Qf6 15. Bd2 Bd6 16. Bc3 Qh6 17. g3 e5 18. Qb3+ Kh8 19. Rad1 e4 20.
Bg2 a5 21. a3 Ra6 22. Rfe1 Qe6 23. Qxe6 Bxe6 24. Bf1 Rc6 25. Bb5 Rxc3 26. Rxd6
Rc5 27. a4 Bc4 28. Rc1 Rd5 29. Rb6 Bxb5 30. Rxb5 Rxb5 31. axb5 b6 32. Rc6 Rb8
33. Kf1 h6 34. h4 Kg8 35. Ke2 Kf7 36. h5 a4 37. Ke3 Rd8 38. Rxb6 Rd3+ 39. Ke2
Rb3 40. Rb7+ Kf6 41. Rb6+ Ke5 42. Ra6 Rxb2+ 43. Ke3 Rb3+ 44. Ke2 a3 45. Ra5 Kd5
46. b6+ Kc6 47. Rxf5 Kxb6 48. Rf8 Kc5 49. Kd2 Kd4 50. Rd8+ Ke5 51. Re8+ Kf5 52.
Ra8 Kg4 53. Ra5 Kf3 54. Rf5+ Kg2 55. Ke2 Rf3 56. Ra5 a2 57. Ra7 Rf7 58. Ra5
Rxf2+ 59. Ke3 Kxg3 60. Kxe4 Kg4 61. Ke3 Rf5 62. Rxa2 Kxh5 0-1

[Event "Detroit (MI Action/5)"]
[Site "?"]
[Date "1992.??.??"]
[Round "?"]
[White "Walker, Douglas"]
[Black "Tsemekhman, Vadim"]
[Result "0-1"]
[WhiteElo "1875"]
[BlackElo "2485"]
[PlyCount "78"]
[EventDate "1992.??.??"]

1. d4 Nf6 2. c4 e5 3. d5 Bc5 4. e3 O-O 5. Bd3 d6 6. Nc3 Qe7 7. e4 Ng4 8. Nh3 h6
9. Qf3 Na6 10. a3 Nf6 11. O-O Kh8 12. Kh1 Bd7 13. Bd2 Rg8 14. Rg1 Ng4 15. Raf1
Raf8 16. Be2 Qh4 17. Qg3 Qxg3 18. hxg3 g5 19. b4 Bb6 20. Nb5 f5 21. Bxg4 fxg4
22. Kh2 Kg7 23. Be3 gxh3 24. Bxb6 hxg2 25. Kxg2 axb6 26. Rh1 g4 27. Nc3 Rf3 28.
Nd1 Rxa3 29. Ne3 Nxb4 30. Rh5 Rf8 31. Rfh1 Nd3 32. Nf5+ Bxf5 33. exf5 Rf6 34.
R1h4 Ra2 35. Rxg4+ Kh7 36. Rgh4 Rxf2+ 37. Kg1 R2xf5 38. Rxf5 Rxf5 39. g4 Rf4
0-1

[Event "Flint (Class A/1)"]
[Site "?"]
[Date "1992.??.??"]
[Round "?"]
[White "Walker, Douglas"]
[Black "Smith, Michael R"]
[Result "0-1"]
[WhiteElo "1845"]
[BlackElo "1950"]
[PlyCount "98"]
[EventDate "1992.??.??"]

1. e4 e6 2. d4 d5 3. e5 c5 4. c3 Bd7 5. Nf3 Nc6 6. Be2 cxd4 7. cxd4 Qb6 8. O-O
Nge7 9. Nc3 Nf5 10. Na4 Qa5 11. Bd2 Bb4 12. Bxb4 Qxb4 13. a3 Qe7 14. Nc5 Nfxd4
15. Nxd4 Qxc5 16. Nxc6 Bxc6 17. b4 Qb6 18. Qd3 a6 19. Qg3 O-O 20. Rfe1 Bb5 21.
Bxb5 Qxb5 22. Re3 a5 23. bxa5 Rxa5 24. Rb3 Qd7 25. Rab1 b5 26. h4 Rfa8 27. h5
h6 28. Rf3 Qe7 29. Rb4 Ra4 30. Rfb3 Rxb4 31. Rxb4 Ra4 32. Qd3 Rxb4 33. axb4
Qxb4 34. f3 Qe1+ 35. Qf1 Qxf1+ 36. Kxf1 Kf8 37. Ke2 Ke7 38. Kd3 Kd7 39. Kc3 Kc6
40. Kb4 d4 41. f4 Kd5 42. g3 Ke4 43. Kb3 Kd3 44. Kb2 Ke2 45. g4 d3 46. f5 d2
47. f6 gxf6 48. exf6 d1=Q 49. g5 Qd2+ 0-1

[Event "Flint (Class A/3)"]
[Site "?"]
[Date "1992.??.??"]
[Round "?"]
[White "Walker, Douglas"]
[Black "Skidmore, Mike"]
[Result "1-0"]
[WhiteElo "1845"]
[BlackElo "1900"]
[PlyCount "49"]
[EventDate "1992.??.??"]

1. e4 c6 2. Nf3 d5 3. e5 Bg4 4. d4 e6 5. c3 Ne7 6. Bd3 Ng6 7. h3 Bxf3 8. Qxf3
Be7 9. Nd2 c5 10. Bxg6 hxg6 11. Nb3 cxd4 12. cxd4 Nc6 13. O-O a5 14. Be3 a4 15.
Nc1 Rh4 16. Rd1 Qb6 17. Ne2 Qxb2 18. Rdb1 Qc2 19. Rxb7 Qc4 20. Rc1 Qa6 21. Rc7
Na5 22. Rxe7+ Kxe7 23. Rc7+ Kd8 24. Qxf7 Qb5 25. Qe7# 1-0

[Event "Detroit (MI Op/1b/9)"]
[Site "?"]
[Date "1992.??.??"]
[Round "?"]
[White "Walker, Douglas"]
[Black "Mitchell, Richard"]
[Result "1-0"]
[WhiteElo "1815"]
[BlackElo "2010"]
[PlyCount "73"]
[EventDate "1992.??.??"]

1. d4 f5 2. d5 c6 3. c4 Nf6 4. Nc3 d6 5. Nf3 g6 6. g3 Bg7 7. Bg2 O-O 8. O-O e5
9. dxe6 Bxe6 10. Qd3 Na6 11. Ng5 Qe7 12. Nxe6 Qxe6 13. Rd1 Rad8 14. e4 Nxe4 15.
Nxe4 fxe4 16. Qxe4 Nc5 17. Qxe6+ Nxe6 18. Rb1 Nd4 19. Be3 Nf5 20. Bf4 Rd7 21.
b4 Nd4 22. Rd2 a6 23. Rbd1 c5 24. Kf1 Be5 25. Bxe5 dxe5 26. bxc5 Rc7 27. Bd5+
Kg7 28. Rb2 Rxc5 29. Rxb7+ Kh6 30. h4 Ra5 31. Rd2 Nf5 32. Bg2 Re8 33. Rdb2 Ra3
34. Ra7 g5 35. Be4 Rf8 36. Rb6+ Kh5 37. Rxh7+ 1-0

[Event "Detroit (MI Action/1)"]
[Site "?"]
[Date "1992.??.??"]
[Round "?"]
[White "Walker, Douglas"]
[Black "McNeil, Yaking"]
[Result "1-0"]
[WhiteElo "1875"]
[BlackElo "1605"]
[PlyCount "51"]
[EventDate "1992.??.??"]

1. d4 d5 2. c4 e6 3. Nc3 Bb4 4. e3 Nf6 5. Bd2 O-O 6. Nf3 Nc6 7. Bd3 b6 8. O-O
Ba6 9. Qe2 Na5 10. c5 Bxd3 11. Qxd3 bxc5 12. a3 Bxc3 13. Bxc3 c4 14. Qe2 Nc6
15. Ne5 Nxe5 16. dxe5 Ne4 17. f3 Nxc3 18. bxc3 f6 19. exf6 Rxf6 20. Rab1 Rb8
21. Rfd1 Rxb1 22. Rxb1 c5 23. Qb2 h6 24. Qb7 Rf7 25. Qc6 Qd6 26. Qxd6 1-0